000 01083cam a2200325 4500
008 090401t1995 xxu||||| |||| 00| 0 eng d
020 _a1858780748
020 _a0117019933
035 _a(Sirsi) u3471
041 _aeng
050 _a725.54
100 _aBarker, Peter
245 _aBuilding sight: a handbook of building and interior design solutions to include the needs of visually impaired people.
260 _aLondon
_bHMSO
_c1995
300 _a180p. : ill. ; 30cm.
350 _a25
520 _aA practical handbook for those involved in building, converting or operating a wide range of premises used by people with some form of visual impairment.
650 _aBLIND
650 _aBUILT ENVIRONMENT-CONSTRUCTION DESIGN
650 _aBUILDING SIGHT
650 _aINTERIOR DESIGN
650 _aLIGHTING
650 _aVISUALLY IMPAIRED PEOPLE
690 _aBUILT ENVIRONMENT-CONSTRUCTION DESIGN
700 _aBarrick, Jon
700 _aWilson, Rod
710 _aRoyal National Institute for the Blind
_93225
942 _n0
948 _c04/03/1997
999 _c85887
_d85887